000 01811nam a22003614a 4500
001 ebr10182533
003 CaPaEBR
006 m u
007 cr cn|||||||||
008 051214s2006 pau sb 001 0 eng
010 _z 2005056048
015 _aGBA657824
_2bnb
016 7 _z013500179
_2Uk
020 _z1592131689 (cloth : alk. paper)
020 _z1592131697 (pbk. : alk. paper)
020 _z9781592131686
040 _aCaPaEBR
_cCaPaEBR
035 _a(OCoLC)290552116
050 1 4 _aKF9779
_b.C67 2006eb
082 0 4 _a345.73/08
_222
100 1 _aCorriero, Michael A.
245 1 0 _aJudging children as children
_h[electronic resource] :
_ba proposal for a juvenile justice system /
_cMichael A. Corriero.
260 _aPhiladelphia, PA :
_bTemple Unversity Press,
_c2006.
300 _axix, 212 p.
504 _aIncludes bibliographical references (p. [184]-203) and index.
505 0 _aThe proposition -- The nature of adolescence -- The criminal responsibility of juveniles -- Sentencing children tried in adult courts -- Our hardest to love children -- Interactive justice -- Fridays in the Youth Part / Caroline Joy DeBrovner -- The experiment that failed -- Creation of the Youth Part -- The Youth Part model -- A model juvenile justice system -- Juvenile justice policy reform.
533 _aElectronic reproduction.
_bPalo Alto, Calif. :
_cebrary,
_d2013.
_nAvailable via World Wide Web.
_nAccess may be limited to ebrary affiliated libraries.
650 0 _aJuvenile justice, Administration of
_zUnited States.
650 0 _aJuvenile corrections
_zUnited States.
655 7 _aElectronic books.
_2local
710 2 _aebrary, Inc.
856 4 0 _uhttp://site.ebrary.com/lib/rucke/Doc?id=10182533
_zAn electronic book accessible through the World Wide Web; click to view
999 _c238945
_d238945